000 01692cam a22004814i 4500
003 PE-LiUPU
005 20250731173533.0
008 150616s r 000 0 d
020 _a0801097193
035 _a(Sirsi) i9780801097195
040 _aPE-LiUPU
_bspa
_cPE-LiUPU
_erda
049 _aPRUA
082 0 4 _a253.5
_bP67
_221
100 1 _aWorthington, Everett L.,
_eautor.
245 1 0 _aPsychoterapy and Religious Values.
264 1 _aGrand Rapids, Michigan :
_bBaker Book House,
_c1993.
300 _a291 páginas ;
_c23 centímetros
336 _atext
_2rdacontent
337 _aunmediated
_2rdamedia
338 _avolume
_2rdacarrier
490 0 _aPsychology and Christianity Series ;
_v7
504 _aBibliografía al final de cada capáginas
505 0 _aDefinitions, the context of counseling begins.- During counseling and psychoterapy.- Use of and training in christian therapy techniques.- An eye to the future.
526 _aSEG42
526 _aSEG41
526 _aSEG40
526 _aSEG39
526 _aP94
526 _aP87
526 _aP86
526 _aP85
526 _aP77
526 _aP76
526 _aP35
650 0 4 _aCONSEJERIA PASTORAL.
_91495
910 _ajck
_bjvq
_cjck
942 _2ddc
_cBOOK
949 _a253.5 P67
_wDEWEY
_c1
_i42332
_lCCODEBUL1
_mBUL
_r0
_sY
_tBOOK
_u2015-6-16
_xTEOLOGIA
_zUNKNOWN
_0COMPRA
_o.STAFF. Colección General
994 _aC0
_bPEPRU
596 _a1
999 _a253.5 P67
_wDEWEY
_c60165
_i42332
_d60165
_f2021-11-10
_g5
_lCCODEBUL1
_mBUL
_q1
_r0
_sY
_tBOOK
_u2015-6-16
_xTEOLOGIA
_zUNKNOWN
_0COMPRA
_o.STAFF. Colección General
980 _81
_gALBERTO SANCHEZ Responsable de Automatización